000 00325nam a2200145Ia 4500
005 20251222140056.0
008 251222s1900||||xx |||||||||||||| ||spa||
020 _a9500417529
082 _a184/G84
100 _aGuardini, Romano
245 0 _aLa Muerte de Sócrates
250 _a1ra.ed.
264 _bEnecé
942 _cLIB
999 _c3777
_d3777